Language Quiz

Random Language or Letter Quiz

Words That Start With X Quiz Stats

 Plays Quiz not verified by Sporcle

Also try: A Clicka'ble' Quiz
Challenge
Share
Tweet
Embed
Score 0/17 Timer 15:00
0 Plays Today
Definition Word % Correct
is the patented process for copying documents, and the name of a corporationXerox
92.9%
A percussion instrument with wood or metal tubes struck with hammers.Xylophone
85.7%
A comic book series featuring characters such as: Wolverine, Nightcrawler, Juggernaut,StormX Men
83.9%
one of the noble gases. It’s odorless, colorless, and found in very small quantities in the EarthXenon
80.4%
fear or hatred towards foreigners, foreign countries, or anything foreign.Xenophobia
78.6%
an exotic, luxurious place. This word comes from the poem 'Kubla Khan' by Samuel T. Coleridge.Xanadu
71.4%
a pharmaceutical drug that is used to treat depression and anxiety.Xanax
66.1%
Botanists describe the tubes within the stems of woody plants. conducts fluids up the plant, while phloem brings the fluids down. Xylem
42.9%
A computer language abbreviation for extensible markup language.XML
33.9%
Definition Word % Correct
is the name of the Bantu language, and a name for a member of the Bantu people of South Africa. Xhosa
26.8%
The word for a process to copy documents Xerography
23.2%
yellowish in color; having to do with the compound xanthine.Xanthic
21.4%
dry or desert like conditions; having very little moistureXeric
16.1%
a special three-masted sailing ship used in the Mediterranean.Xebec
12.5%
resembling wood; woodyXyloid
12.5%
a wood engraving.Xylograph
10.7%
a fragment of a rock embedded inside another rock.Xenolith
8.9%

You're not logged in!

Compare scores with friends on all Sporcle quizzes.
Join for Free
OR
Log In

You Might Also Like...

Show Comments

Extras

Top Quizzes Today


Score Distribution

Your Account Isn't Verified!

In order to create a playlist on Sporcle, you need to verify the email address you used during registration. Go to your Sporcle Settings to finish the process.

Report this User

Report this user for behavior that violates our Community Guidelines.

Details: